000 00263nam a2200109Ia 4500
008 240625s9999 xx 000 0 und d
041 _aeng
082 _a332.6323 FAB
100 _aFABOZZI FRANK J
245 _aBOND MARKETS ANALYSIS AND STRATEGIES
260 _c2015
999 _c39022
_d39022